| 000 | 01224nam a2200277Ia 4500 | ||
|---|---|---|---|
| 999 |
_c53451 _d53451 |
||
| 001 | 20495 | ||
| 003 | GE_BSU | ||
| 005 | 20210105235605.0 | ||
| 008 | 181216s1964||||ge |||||||||||||| ||geo|| | ||
| 040 | _cGE_BSU | ||
| 041 | _ageo | ||
| 080 | _a811.353.1-8(075.3) შ-21 | ||
| 100 |
_aშანიძე, აკაკი _910000 |
||
| 245 |
_aქართული ენის გრამატიკა ნაწ. 1 : ფონეტიკა და მორფოლოგია : _bმე-5-6 კლასებისათვის / _cაკაკი შანიძე, ი. იმნაიშვილი, ლ. კვაჭაძე. |
||
| 264 |
_aთბილისი : _bცოდნა, _c1964. |
||
| 300 |
_a172 გვ. ; _c22 სმ. |
||
| 541 | _h38 თ. | ||
| 653 | _aმე-5-6 კლასებისათვის | ||
| 653 | _aქართული ენა | ||
| 653 | _aქართული ენის გრამატიკა | ||
| 653 | _aფონეტიკა | ||
| 653 | _aმორფოლოგია | ||
| 700 |
_a იმნაიშვილი, ი. _eავტორი _910001 |
||
| 700 |
_aკვაჭაძე, ლ. _eავტორი _910002 |
||
| 942 |
_cBK _2udc |
||